Manažérske informačné systémy a ich využívanie v priemyselných podnikoch na Slovensku v rokoch 2003-2005

Informačné technológie v podnikovom riadení. Manažérske informačné systémy (MIS). Analýza zavádzania manažérskych informačných systémov v slovenských podnikoch. Výskum vykonaný v roku 2005 na vzorke 88 priemyselných podnikoch. Účasť top manažmentu priemyselných podnikov pri výbere manažérskych info...

Descripción completa

Guardado en:
Detalles Bibliográficos
Autor principal: Kršák, Branislav
Otros Autores: Hricová, Romana, Sudzina, František
Formato: Capítulo de libro
Lenguaje:eslovaco
Materias:
Etiquetas: Agregar Etiqueta
Sin Etiquetas, Sea el primero en etiquetar este registro!

MARC

LEADER 00000nla$a2200000$$$4500
001 0051022
005 20240502071606.1
041 0 |a slo 
044 |a SK 
245 1 0 |a Manažérske informačné systémy a ich využívanie v priemyselných podnikoch na Slovensku v rokoch 2003-2005  |c Branislav Kršák, Romana Hricová, František Sudzina 
520 |a Informačné technológie v podnikovom riadení. Manažérske informačné systémy (MIS). Analýza zavádzania manažérskych informačných systémov v slovenských podnikoch. Výskum vykonaný v roku 2005 na vzorke 88 priemyselných podnikoch. Účasť top manažmentu priemyselných podnikov pri výbere manažérskych informačných systémov. Podiel využívania MIS v rozlične veľkých priemyselných podnikoch v rokoch 2003, 2004 a 2005. 
610 2 0 |a systémy informačné podnikové 
610 2 0 |a systémy riadenia 
610 2 0 |a systémy informačné manažérske 
610 2 0 |a technológie informačné 
610 2 0 |a technológie komunikačné 
610 2 0 |a manažment 
610 2 0 |a podnik priemyselný 
100 1 |a Kršák, Branislav 
700 1 |a Hricová, Romana 
700 1 |a Sudzina, František